Africké umenie zbierka Ivana Melicherčíka

Bibliographic Details
Corporate Author: FO ART (vydavteľstvo) (Author)
Other Authors: Melicherčík, Ivan, 1944- (Author of dialog, auv, fot), Fiala, Anton, 1949- (fot)
Format: Book
Language:Slovak
PhysicalDescription:58 s. fareb. fotogr. 27x22 cm
Published: Bratislava Fo art 1997
ISBN:8096782312
Subjects:

MARC

LEADER 00000nam a2200000 a 4500
001 vtls001381738
003 SK-MaSNL
005 20260301161406.0
008 160322s1997 xo ab rd d 0 slo
015 |a SNBE2000/02-00514 
020 |a 8096782312 
035 |a SNK000335770 
040 |a SNK  |b slo  |c SNK  |e AACR2 
041 0 |a slo 
044 |a xo  |c SK 
080 |a 730.074(6)+745.074(6)(083.9)  |2 1981 
080 |a 929 Melicherčík, Ivan  |2 1981 
245 1 |a Africké umenie  |b zbierka Ivana Melicherčíka  |c koncepcia Ivan Melicherčík ; texty Ivan Melicherčík ; fotografie Anton Fiala, Ivan Melicherčík 
246 1 0 |a African Art 
260 |a Bratislava  |b Fo art  |c 1997 
300 |a 58 s.  |b fareb. fotogr.  |c 27x22 cm 
500 |a Súbež. náz. angl. 
500 |a Katalóg v prebale 
600 1 7 |a Melicherčík, Ivan,  |d 1944-  |2 SNK  |9 19915 
650 0 7 |a umenia výtvarné africké  |x zbierky  |x katalógy  |2 SNK  |9 524339 
655 7 |a informačné publikácie  |2 SNK  |9 70181 
700 1 |a Melicherčík, Ivan,  |d 1944-  |4 aud  |4 auv  |4 fot  |9 19915 
700 1 |a Fiala, Anton,  |d 1949-  |4 fot  |9 14047 
710 0 |a FO ART (vydavteľstvo)  |4 aut  |9 33631 
919 |a 80-967823-1-2 
958 |a TL 
958 |a BX 
999 |c 809268  |d 811198 
952 |t P60, <03>, [BOOK], {603}  |a SNK  |b SNK  |y PREZ  |7 0  |p 17A0226479  |o snkOSB 12399  |i snkKSP 1280/2000  |0 0  |1 0  |4 0  |d 2000-01-28  |l 0  |r 2005-01-02 00:00:00  |w 2026-02-24 
952 |t P60, <04>, [BOOK], {604}  |a SNK  |b SNK  |y VYP  |7 0  |p 17A0226480  |o snkOSB 12399 D1  |i snkKSP 1281/2000  |0 0  |1 0  |4 0  |d 2000-01-28  |l 0  |r 2005-01-02 00:00:00  |w 2026-02-24